Statistics for Which Country Has This Monument?

Click here to take the quiz!

General Stats

  • This quiz has been taken 99 times
    (57 since last reset)
  • The average score is 8 of 12

Answer Stats

Answer% Correct
France
98%
United States
95%
China
93%
Italy
93%
Egypt
83%
Cambodia
68%
Peru
68%
UAE
68%
India
40%
India
30%
United States
23%
Germany
10%

Score Distribution

Percentile by Number Answered

Percent of People with Each Score

Your Score History

You have not taken this quiz since the last reset